000 00720nam a2200241 a 4500
001 BRL_1301
005 20190320211133.0
008 030114s1952----gw-abo####---#000-0#ger-#
041 _ager
044 _agw
050 4 _aF3429.3.A7
_b.U23 1952
100 1 _aUbbelohde-Doering, Heinrich
_926429
245 1 0 _aKunst im reiche der inca
_cHeinrich Ubbelohde-Doering.
260 _aTübingen
_bErnst Wasmuth
_c1952
300 _a58 p.
_bil., 240 láminas, mapas
_c27 cm.
_e+ 1 Lista de ilustraciones
500 _aAu1538
500 _aEstado físico: Camisa incompleta
504 _aBibliografía: p. 56-58
650 1 4 _aArte inca
_926430
651 4 _aPerú
_xAntigüedades
_919276
902 _aGRL
942 _2lcc
_cB
999 _c10113
_d10113